000 00277nam a22001337a 4500
008 181218b xxu||||| |||| 00| 0 eng d
020 _a9780764139185
041 _aeng
080 _a510
100 _a36
101 _aMAT
245 _aGeometry
_cLeff,L.S
942 _2udc
_cBK
999 _c53362
_d53362